Autorzy fabryka słów - Statystyki

Ogólne statystyki
  • Ten quiz został rozwiązany 54 razy
  • Średni wynik to 13 z 26
Statystyki odpowiedzi
Książka autora Pisarz % Poprawnych
Okiść, Cykl o Jakubie Wedrowyczu Andrzej Pilipiuk
83%
Cykl Wilkozacy, Kiedy Bóg zasypia Rafał Dębski
83%
Legenda miecza, Achaja Andrzej Ziemiański
78%
Pan Lodowego Ogrodu, Popiół i kurz Jarosław Grzędowicz
78%
Wizna, Diabeł Łancucki Jacek Komuda
74%
Cykl o Mordimerze Madderdinie, Mój przyjaciel Kaligula Jacek Piekara
74%
Cykl anielski, Cykl TAKESHI Mają Lidia Kossakowska
74%
Cykl Księga Całości Feliks W. Kres
70%
Droga Samotnego Psa, Krew kamienia Arkady Saulski
65%
Oprawca Boży Eugeniusz Dębski
65%
Łzy Diabła, Cykl Tajne Akta Vespera Magdalena Kozak
65%
Ziemia złych uroków Jacek Kloss
57%
Epoka Antychrysta, Krew na naszych rękach? Paweł Lisicki
57%
Cykl Ostatnia Rzeczpospolita,Wstań i idź Tomasz Kołodziejczak
57%
Szepty ciemności Andrzej Pupin
48%
Świat we krwi, Siedmioksiąg grzechu Michał Gołkowski
48%
Jakie piękne samobójstwo, Wielka Polska Rafał A. Ziemkiewicz
43%
Więcej niż zło Ewelina Stefańska
39%
Sądny Dzień Jaga Moder
39%
Pierwszy Krok, Cykl o Razumowskim Adam Przechrzta
22%
Kompleks 7215, Dworzec Śródmieście Bartek Biedrzycki
22%
Seria GŁĘBIA, Księga Zepsucia Marcin Podlewski
22%
Bagno Szaleńców Joanna Kanicka
17%
Ostatnie namaszczenie, S.T.A.L.K.E.R. Krzysztof Haladyn
17%
Wedle zasług, Do zobaczenia w piekle Sławomir Nieściur
17%
Astralker, Tomasz Sobiesiek
17%
Nie znaleziono quizów pasujących do podanych kryteriów
Rozkład punktacji
Procent ludzi z każdym wynikiem
Percentyl według liczby udzielonych odpowiedzi
Twoja historia wyników
Nie rozwiązałeś tego quizu